000 00213nam a2200097Ia 4500
008 230907s9999||||xx |||||||||||||| ||und||
082 _a306.01
_bTAL
245 0 _aTalking bodies /
300 _a233 p.
942 _cBK
999 _c600166
_d600166